000 00932nam a2200253 a 4500
001 000023135
005 20200930022018.0
008 101126s1985 sp ab r 000 0 spa d
020 _a843458364X
040 _aDO-SdBNP
_bspa
_cBNPHU
041 1 7 _aspa
_beng
_2Código de idioma MARC.
082 _aNNN
_bF752g
100 1 _aFossey, Dian,
_d1932-1985.
_947633
240 1 0 _aGorillas in the mist.
_lEspañol.
245 1 0 _aGorilas en la niebla :
_b13 años viviendo entre los gorilas /
_cDian Fossey ; traducción de Marcela Chichilla y Manuel Crespo.
260 _aBarcelona, (España) :
_bSalvat,
_c1985.
300 _axiii, 264 p. :
_bil., mapas ;
_c19 cm.
490 1 _aBiblioteca científica salvat
_v2
534 _aTítulo original inglesa:
_tGorillas in the mist.
700 1 _aChichilla, Marcela
_vtr.
_947634
700 1 _aCrespo, Manuel
_vtr.
_937395
830 0 _aBiblioteca científica salvat ;
_v2
_947635
049 _aBNGR
999 _c22632
_d22632